Interactive and innovative teaching strategies 6: a resource book for 21st century teachers (Record no. 2551)
[ view plain ]
| 000 -LEADER | |
|---|---|
| fixed length control field | 00664nam a22001817a 4500 |
| 003 - CONTROL NUMBER IDENTIFIER | |
| control field | URS |
| 005 - DATE AND TIME OF LATEST TRANSACTION | |
| control field | 20220114152826.0 |
| 008 - FIXED-LENGTH DATA ELEMENTS--GENERAL INFORMATION | |
| fixed length control field | 190212b ||||| |||| 00| 0 eng d |
| 020 ## - INTERNATIONAL STANDARD BOOK NUMBER | |
| International Standard Book Number | 9716857955 |
| 040 ## - CATALOGING SOURCE | |
| Language of cataloging | eng |
| Transcribing agency | URS |
| Modifying agency | rda |
| 050 14 - LIBRARY OF CONGRESS CALL NUMBER | |
| Classification number | LB 1025.3 |
| Item number | .B7261 2015 |
| 100 ## - MAIN ENTRY--PERSONAL NAME | |
| Personal name | Raquepo, Marcelo R., |
| Relator term | author. |
| 245 20 - TITLE STATEMENT | |
| Title | Interactive and innovative teaching strategies 6: a resource book for 21st century teachers |
| Remainder of title | a resource book for 21st century teachers |
| Statement of responsibility, etc. | Milagros Lim-Borabo, Heidi Grace Lim-Borabo |
| 260 ## - PUBLICATION, DISTRIBUTION, ETC. | |
| Place of publication, distribution, etc. | Manila : |
| Name of publisher, distributor, etc. | Lorimar Publishing, |
| Date of publication, distribution, etc. | [2015] |
| 300 ## - PHYSICAL DESCRIPTION | |
| Extent | 104 pages |
| Other physical details | with illustrations |
| Dimensions | 24 cm |
| 700 ## - ADDED ENTRY--PERSONAL NAME | |
| Personal name | Balmeo, Marilyn L., |
| Relator term | author. |
| 942 ## - ADDED ENTRY ELEMENTS (KOHA) | |
| Source of classification or shelving scheme | Library of Congress Classification |
| Koha item type | Filipiniana |
| Withdrawn status | Source of classification or shelving scheme | Damaged status | Not for loan | Collection code | Home library | Current library | Shelving location | Date acquired | Total Checkouts | Full call number | Barcode | Date last seen | Price effective from | Koha item type | Source of acquisition | Copy number |
|---|---|---|---|---|---|---|---|---|---|---|---|---|---|---|---|---|
| Library of Congress Classification | Non-fiction | Cainta College Library | Cainta College Library | On Display | 11/04/2016 | LB 1025.3.B7261 2015 | URSCAI-4318 | 11/04/2016 | 11/04/2016 | Filipiniana | ||||||
| Library of Congress Classification | Non-fiction | Pililla College Library | Pililla College Library | General Stacks | 02/16/2016 | 371.207 B41i 2015 | URSPIL-5700 | 05/31/2019 | 02/16/2016 | Filipiniana | purchased | 1 | ||||
| Library of Congress Classification | Non-fiction | Pililla College Library | Pililla College Library | General Stacks | 02/16/2016 | 371.207 B41i 2015 | URSPIL-5701 | 05/31/2019 | 02/16/2016 | Filipiniana | purchased | 2 | ||||
| Library of Congress Classification | Non-fiction | Pililla College Library | Pililla College Library | General Stacks | 02/16/2016 | 371.207 B41i 2015 | URSPIL-5702 | 05/31/2019 | 02/16/2016 | Filipiniana | purchased | 3 |